La Revista Machupicchu / (Record no. 22137)

000 -CABECERA
fixed length control field 00971nam a22002057a 4500
003 - IDENTIFICADOR DEL NÚMERO DE CONTROL
control field AR-CdUCM
008 - DATOS DE LONGITUD FIJA--INFORMACIÓN GENERAL
fixed length control field 190605b ||||| |||| 00| 0 spa d
040 ## - FUENTE DE LA CATALOGACIÓN
Agencia/entidad que catalogó originalmente la obra MUNICIPALIDAD PROVINCIAL DEL CUSCO
Entidad que transcribió la catalogación BIBLIOTECA MUNICIPAL DEL CUSCO
082 ## - NÚMERO DE LA CLASIFICACIÓN DECIMAL DEWEY
No. de Clasificación Machupicchu/N°8/2007
245 ## - MENCIÓN DE TÍTULO
Título La Revista Machupicchu /
Resto del título periodismo de investigación análisis y opinión
Mención de responsabilidad Wilbert Huamán Rodríguez, Director
260 ## - PUBLICACIÓN, DISTRIBUCIÓN, ETC.
Lugar de publicación, distribución, etc. Cusco.
Nombre de la editorial, distribuidor, etc. [sn],
Fecha de publicación, distribución, etc. 2007.
300 ## - DESCRIPCIÓN FÍSICA
Nº de Páginas Extensión 22 páginas. :
Otros detalles físicos ilustraciones ;
Dimensiones 28 cm.
440 ## - MENCIÓN DE SERIE/PUNTO DE ACCESO ADICIONAL--TÍTULO
Título La Revista Machupicchu.
Número de la parte/sección de una obra Año 03, edición 8, febrero-marzo 2007.
9 (RLIN) 47521
505 ## - NOTA DE CONTENIDO CON FORMATO
Nota de contenido formateada Contenido: Seis meses de gobierno de Alan García. -- Detenidos por actos de terrorismo no todos son de Sendero Luminoso. -- Calca nuevo destino turístico. -- Apostando por el cambio Marasal. -- Remembranzas del Carnaval cusqueño. ...
650 ## - PUNTO DE ACCESO ADICIONAL DE MATERIA--TÉRMINO DE MATERIA
Descriptor Carnavales
9 (RLIN) 10151
650 ## - PUNTO DE ACCESO ADICIONAL DE MATERIA--TÉRMINO DE MATERIA
Descriptor Periodismo cusqueño
9 (RLIN) 23805
650 ## - PUNTO DE ACCESO ADICIONAL DE MATERIA--TÉRMINO DE MATERIA
Descriptor Siglo XX
9 (RLIN) 47518
942 ## - ELEMENTOS DE PUNTO DE ACCESO ADICIONAL (KOHA)
Fuente de clasificación
Tipo de item Revistas cusqueñas
945 ## - PROCESAMIENTO DE INFORMACIÓN LOCAL (OCLC)
Catalogador rac
Holdings
Estado de retiro (separado) Fuente de clasificación o esquema de estanterías Estado dañado Ubicación Sala donde se ubica Nombre de la colección Fecha de adquisición o compra Costo, precio normal en soles Signatura topográfica Código de Barras Última vez visto (Koha) Tipo de ítem (Koha)
No     Sala Hemeroteca Sala Hemeroteca Book Cart 2022-03-11 5.00 Machupicchu/N°8/2007 REVC000661 2022-03-11 Revistas cusqueñas

Powered by Koha